Collected ghost stories /

Bibliographic Details
Main Author: Freeman, Mary Eleanor Wilkins, 1852-1930
Other Authors: Wagenknecht, Edward
Format: Book
Language:English
Published: Sauk City, Wis. : Arkham House, 1974.
Subjects:

MARC

Tag First Indicator Second Indicator Subfields
LEADER 00000cam a2200000 4500
001 in00000068744
005 20170111104420.0
008 740405s1974 wiu 00001 eng
010 |a  73088393  
035 |a (OCoLC)00873882 
035 |9 AAG3725AM 
037 |c $6.00 
040 |a DLC  |c DLC  |d TXA  |d UtOrBLW 
043 |a n-us--- 
049 |a TXAM [Also in] [Sp Coll]  |c 1 [924461]  |a TXAS  |c 2 [1102589] 
050 0 0 |a PZ3.F88  |b Cm5  |a PS1711 
090 |a PS1711  |b C65 1974 
100 1 |a Freeman, Mary Eleanor Wilkins,  |d 1852-1930. 
245 1 0 |a Collected ghost stories /  |c With an introd. by Edward Wagenknecht. 
264 1 |a Sauk City, Wis. :  |b Arkham House,  |c 1974. 
300 |a xii, 189 pages ;  |c 19 cm. 
336 |a text  |b txt  |2 rdacontent 
337 |a unmediated  |b n  |2 rdamedia 
338 |a volume  |b nc  |2 rdacarrier 
505 0 |a The shadows on the wall.--The hall bedroom.--Luella Miller.--The vacant lot.--A faraway melody.--A symphony in lavender.--The wind in the rose-bush.--A gentle ghost.--The southwest chamber.--The lost ghost.--The jade bracelet. 
650 0 |a Ghost stories, American. 
700 1 |a Wagenknecht, Edward. 
999 |a MARS 
999 f f |s 8aff3937-3c61-3e12-a4b1-e4cff7748da1  |i 502f849e-601e-3e53-b18b-6953436ca672  |t 0 
952 f f |p normal  |a Texas A&M University  |b College Station  |c Sterling C. Evans Library  |d Evans: Library Stacks  |t 0  |e PS1711 C65 1974  |h Library of Congress classification  |i unmediated -- volume  |m A14804229297 
952 f f |p noncirc  |a Texas A&M University  |b College Station  |c Cushing Memorial Library & Archives  |d Cushing: Science Fiction (Does not check out)  |t 0  |e PZ3.F88 Cm5  |h Library of Congress classification  |i unmediated -- volume  |m A14800412034 
998 f f |a PS1711 C65 1974  |t 0  |l Evans: Library Stacks 
998 f f |a PZ3.F88 Cm5  |t 0  |l Cushing: Science Fiction (Does not check out)